<?xml version="1.0" encoding="UTF-8"?>
<record
    xmlns:xsi="http://www.w3.org/2001/XMLSchema-instance"
    xsi:schemaLocation="http://www.loc.gov/MARC21/slim http://www.loc.gov/standards/marcxml/schema/MARC21slim.xsd"
    xmlns="http://www.loc.gov/MARC21/slim">

  <leader>01470nam a22002057a 4500</leader>
  <controlfield tag="008">130805t2013    MX A   | |||| 00| 0 SPA d</controlfield>
  <datafield tag="020" ind1=" " ind2=" ">
    <subfield code="a">9786078331871</subfield>
  </datafield>
  <datafield tag="050" ind1=" " ind2=" ">
    <subfield code="a">AV HF5616.M4 N676 2014</subfield>
  </datafield>
  <datafield tag="100" ind1=" " ind2=" ">
    <subfield code="d">Instituto Mexicano de Contadores P&#xFA;blicos </subfield>
  </datafield>
  <datafield tag="245" ind1=" " ind2=" ">
    <subfield code="a">Normas de informaci&#xF3;n financiera (NIF) 2014 : incluye boletines y circulares de la Comisi&#xF3;n de Principios de Contabilidad del IMCP </subfield>
    <subfield code="c">/ editor Instituto Mexicano de Contadores P&#xFA;blicos, A. C</subfield>
  </datafield>
  <datafield tag="250" ind1=" " ind2=" ">
    <subfield code="a">9a ed</subfield>
  </datafield>
  <datafield tag="260" ind1=" " ind2=" ">
    <subfield code="a">M&#xE9;xico : </subfield>
    <subfield code="b">Consejo Mexicano de Normas de Informaci&#xF3;n Financiera : Instituto Mexicano de Contadores P&#xFA;blicos, </subfield>
    <subfield code="c">2014</subfield>
  </datafield>
  <datafield tag="300" ind1=" " ind2=" ">
    <subfield code="a">1 v. (varias paginaciones) : </subfield>
    <subfield code="b">il. ; </subfield>
    <subfield code="c">23 cm.</subfield>
  </datafield>
  <datafield tag="500" ind1=" " ind2=" ">
    <subfield code="a">"El texto completo de Normas de Informaci&#xF3;n Financiera considera la normatividad que se encuentra en vigor al 1o. de Enero de 2014 y a las NIF C-3 y C-20 que entran en vigor el 1o. de enero de 2016"-- Portada.</subfield>
  </datafield>
  <datafield tag="502" ind1=" " ind2=" ">
    <subfield code="a">Versi&#xF3;n estudiantil.</subfield>
  </datafield>
  <datafield tag="505" ind1=" " ind2=" ">
    <subfield code="a">NIF A Marco Conceptual ; NIF B Normas aplicables a los estados financieros en su conjunto ; NIF C Normas aplicables a conceptos espec&#xED;ficos de los estados financieros ; NIF D Normas aplicables a problemas de determinaci&#xF3;n de resultados ; NIF E Normas aplicables a las actividades especializadas a distintos sectores ; circulares ; interpretaciones a las Normas de Informaci&#xF3;n Financiera (NIF)</subfield>
  </datafield>
  <datafield tag="650" ind1=" " ind2=" ">
    <subfield code="a">1.Estados financieros - Normas - M&#xE9;xico</subfield>
  </datafield>
  <datafield tag="650" ind1=" " ind2=" ">
    <subfield code="a"> 2.Contabilidad - Normas - M&#xE9;xico </subfield>
  </datafield>
  <datafield tag="942" ind1=" " ind2=" ">
    <subfield code="c">LB</subfield>
  </datafield>
  <datafield tag="952" ind1=" " ind2=" ">
    <subfield code="0">0</subfield>
    <subfield code="1">0</subfield>
    <subfield code="4">0</subfield>
    <subfield code="7">0</subfield>
    <subfield code="a">03</subfield>
    <subfield code="b">03</subfield>
    <subfield code="d">2014-07-04</subfield>
    <subfield code="l">6</subfield>
    <subfield code="o">AV HF5616.M4 N676 2014</subfield>
    <subfield code="p">03 006550</subfield>
    <subfield code="r">2015-11-05</subfield>
    <subfield code="s">2015-11-05</subfield>
    <subfield code="t">1</subfield>
    <subfield code="w">2014-07-04</subfield>
    <subfield code="y">LB</subfield>
  </datafield>
  <datafield tag="999" ind1=" " ind2=" ">
    <subfield code="c">93136</subfield>
    <subfield code="d">93136</subfield>
  </datafield>
</record>
